Mandarin game - Statistics

General Stats
  • This quiz has been taken 69 times
  • The average score is 13 of 30
Answer Stats
English Mandarin % Correct
Movie 电影
84%
Son 儿子
84%
Pretty/Beatiful 漂亮
78%
Feel/Think 觉得
69%
Television 电视
69%
Thousand
69%
Can/May/Asking for permission 可以
67%
Minute 分钟
64%
Daughter 女儿
64%
Library 图书馆
60%
Homework 作业
53%
Gold Fish 金鱼
47%
Math 数学
47%
Married 结婚
40%
Play Ping Pong 打乒乓球
38%
Meet 见面
38%
Be free/have time 有空
38%
Snow 下雪
31%
Swimming Pool 游泳池
29%
Novel 小说
29%
Class Room 教室
27%
Mrs: wife 太太
24%
Friendly 友好
20%
Relative 亲戚
18%
Cloudy 多云
18%
Sore Throat 嗓子疼
16%
Physical strength 力气
16%
Usually 一般
13%
Traditional Chinese Painting 国画
9%
Around 左右
9%
No matching quizzes found
Score Distribution
Percent of People with Each Score
Percentile by Number Answered
Your Score History
You have not taken this quiz